000 00975camaa2200325Mu 4500
001 89214
005 20230411090047.0
008 951205s1995 sp 000 0 spa d
035 _a(OCoLC)ocn431304317
040 _aBNM
_erdc
_bspa
_cBNM
016 7 _abimoBNE19950360032
_2SpMaBN
017 _aVA 18-1995
020 _a8481640379
020 _a9788481640373
035 _a(OCoLC)431304317
080 _a28(569.4)"00"
049 _aGRAL
100 1 _aVidal Manzanares, César,
_d1958-
245 1 3 _aEl judeo-cristianismo palestino en el siglo I
_h[Texto impreso]
_b: de Pentecostés a Jamnia
_cCésar Vidal Manzanares.
260 _aMadrid
_bTrotta
_cD.L. 1995.
300 _a414 p.
_c23 cm.
490 1 _aColección Paradigmas
_v5
500 _aIndice.
504 _aBibliografía: p. 383-399.
650 7 _aCristianismo
_zPalestina
_vHistoria.
_2embne
830 0 _aColección Paradigmas ;
_v5.
942 _2lcc
_cbk
994 _aC0
_bDRFGD
946 _almm
999 _c111783
_d111783